El deterioro y la conservación de materiales porosos de construcción en monumentos (Record no. 108)

MARC details
000 -CABECERA
campo de control de longitud fija 01110nam a2200277 a 4500
001 - NÚMERO DE CONTROL
campo de control BRCA_125
005 - FECHA Y HORA DE LA ÚLTIMA TRANSACCIÓN
campo de control 20190320202906.0
008 - DATOS DE LONGITUD FIJA--INFORMACIÓN GENERAL
campo de control de longitud fija 830215s1984 mx-#---##b---#000-0#spa-#
020 ## - NÚMERO INTERNACIONAL ESTÁNDAR DEL LIBRO
Número Internacional Estándar del Libro 9685805180
040 ## - FUENTE DE LA CATALOGACIÓN
Centro catalogador/agencia de origen DLC
Centro/agencia transcriptor DLC
Centro/agencia modificador DLC
050 #4 - SIGNATURA TOPOGRÁFICA DE LA BIBLIOTECA DEL CONGRESO
Número de clasificación TA418.9
Número de documento/Ítem .S73
-- 1984
100 1# - ENTRADA PRINCIPAL--NOMBRE DE PERSONA
Nombre de persona Stambolov, T.
9 (RLIN) 489
245 10 - MENCIÓN DE TÍTULO
Título El deterioro y la conservación de materiales porosos de construcción en monumentos
Resto del título una revisión bibliográfica
Mención de responsabilidad, etc. T. Stambolov, J.R.J. Van Asperen de Boer; Traducción de Luis Torres M.
260 ## - PUBLICACIÓN, DISTRIBUCIÓN, ETC.
Lugar de publicación, distribución, etc. México
Nombre del editor, distribuidor, etc. UNAM
Fecha de publicación, distribución, etc. 1984
300 ## - DESCRIPCIÓN FÍSICA
Extensión 147 p.
Dimensiones 24 cm.
440 #0 - MENCIÓN DE SERIE/PUNTO DE ACCESO ADICIONAL--TÍTULO
Título Serie Antropológica
Designación de volumen o secuencia 37
9 (RLIN) 490
500 ## - NOTA GENERAL
Nota general Incluye suplemento de 1978. Presentado al Comité para Conservación del ICOM. Quinta reunión trianual. Zagreb, 1978.
504 ## - NOTA DE BIBLIOGRAFÍA, ETC.
Nota de bibliografía, etc. Bibliografía: p. 141-144
650 14 - PUNTO DE ACCESO ADICIONAL DE MATERIA--TÉRMINO DE MATERIA
Término de materia o nombre geográfico como elemento de entrada Materiales porosos
Subdivisión general Deterioro
9 (RLIN) 491
650 14 - PUNTO DE ACCESO ADICIONAL DE MATERIA--TÉRMINO DE MATERIA
Término de materia o nombre geográfico como elemento de entrada Materiales porosos
Subdivisión general Humedad
9 (RLIN) 492
650 14 - PUNTO DE ACCESO ADICIONAL DE MATERIA--TÉRMINO DE MATERIA
Término de materia o nombre geográfico como elemento de entrada Materiales de construcción
Subdivisión general Deterioro
9 (RLIN) 493
650 14 - PUNTO DE ACCESO ADICIONAL DE MATERIA--TÉRMINO DE MATERIA
Término de materia o nombre geográfico como elemento de entrada Monumentos
Subdivisión general Conservación y restauración
9 (RLIN) 494
700 1# - PUNTO DE ACCESO ADICIONAL--NOMBRE DE PERSONA
Nombre de persona Asperen de Boer, J. R. J. Van
9 (RLIN) 495
700 1# - PUNTO DE ACCESO ADICIONAL--NOMBRE DE PERSONA
Nombre de persona Torres M., Luis
9 (RLIN) 496
942 ## - ELEMENTOS DE PUNTO DE ACCESO ADICIONAL (KOHA)
Fuente del sistema de clasificación o colocación Library of Congress Classification
Tipo de ítem Koha Libros
Holdings
Estado de retiro Estado de pérdida Estado dañado No para préstamo Localización permanente Ubicación/localización actual Fecha de adquisición Total de préstamos Signatura topográfica completa Código de barras Fecha visto por última vez Precio válido a partir de Tipo de ítem Koha
El ejemplar forma parte de la colección y puede ser consultado según las políticas vigentes.       Biblioteca del Museo Franz Mayer (Rogerio Casas-Alatriste) Biblioteca del Museo Franz Mayer (Rogerio Casas-Alatriste) 25/06/2008   TA418.9 .S73 1984 00119 22/03/2019 22/03/2019 Libros